000 00639nam a2200205 a 4500
001 0559
005 20140414132013.0
008 040201s19uu xx 00 eng d
020 _a0-920668-37-2
050 _aTR
_bL94 1986
100 _aMunsch, Robert
245 _aLove you forever /
_cRobert Munsch ; illustrated by Shiela McGraw.
260 _aCanada :
_bFirefly Books,
_c1986.
300 _a1 v. p. : ill. ; cm.
520 _aThis is the story of how that little boy goes through the stages of childhood and becomes a man.
650 _aChildhood - Fiction.
650 _aLove - Fiction.
999 _c113310
_d113310